LIBRARY & INFORMATION CENTRE, KCAET, TAVANUR

ONLINE PUBLIC ACCESS CATALOGUE (OPAC)

Planning for efficient soil and water management for village Islamnagar / (Record no. 312)

MARC details
000 -LEADER
fixed length control field 00518cam a2200181ua 4500
041 ## - LANGUAGE CODE
Language code of text/sound track or separate title eng
082 ## - DEWEY DECIMAL CLASSIFICATION NUMBER
Classification number 551.492
Item number BHA/PL
100 ## - MAIN ENTRY--AUTHOR NAME
Personal name Bhandarkar, D M.
245 ## - TITLE STATEMENT
Title Planning for efficient soil and water management for village Islamnagar /
250 ## - EDITION STATEMENT
Edition statement 1 /
260 ## - PUBLICATION, DISTRIBUTION, ETC. (IMPRINT)
Place of publication Bhopal :
Name of publisher Centre Institute of Agricultural Engineering ,
Year of publication 1986.
300 ## - PHYSICAL DESCRIPTION
Number of Pages 161 ; .
500 ## - GENERAL NOTE
General note 16718- Reference
942 ## - ADDED ENTRY ELEMENTS (KOHA)
Koha item type Books
Holdings
Withdrawn status Lost status Damaged status Home library Current library Date acquired Full call number Accession Number Koha item type
      KAUAET KAUAET 07/04/2012 551.492 19834 Books
      KAUAET KAUAET 30/08/1990 551.492 16718 Reference
free website counter